| 000 | 00689nam a2200289Ia 4500 | ||
|---|---|---|---|
| 001 | Z_4304 | ||
| 003 | CHAP | ||
| 008 | 220113s1985 xx 000 0 und d | ||
| 010 | _a167370 | ||
| 040 | _cCHAP | ||
| 082 | _a636.2 A8 | ||
| 100 |
_aAvila Téllez, Salvador _98834 |
||
| 245 |
_aProducción intensiva de ganado lechero / _cpor Salvador Avila Téllez |
||
| 260 |
_aMéxico, D. F. : _bCECSA, _c1985 |
||
| 300 | _a323 p. | ||
| 440 | _a | ||
| 500 | _a | ||
| 503 | _a136749 | ||
| 650 |
_aGanado lechero _xProducción _945288 |
||
| 650 |
_aLeche _xProducción _965400 |
||
| 901 | _a636.2 A8 | ||
| 902 | _aA | ||
| 910 | _a1985 | ||
| 942 | _c1 | ||
| 942 | _cc1 | ||
| 999 |
_c167370 _d167370 |
||